000 00997nam a2200301 i 4500
003 OSt
005 20260210165021.0
008 260210t20142014my a jr 000 0 eng d
020 _a9781789898514
_cRM 139.90
_qhardback
040 _aPPAK
_beng
_cPPAK
_erda
082 0 4 _223
_a398.8
090 0 0 _a398.8
_bNUR
_dRK
245 0 0 _aNursery Treasury /
_cEditor Fran Bromage ; Designers Jo Cowan, Joe Jones
246 3 4 _aNursery treasury :
_bfirst rhymes and stories to share
264 1 _aThaxted, Essex :
_bMiles Kelly Publishing,
_c2014
264 4 _c©2014
300 _a383 pages :
_bchiefly colour illustrations ;
_c29 cm
336 _atext
_2rdacontent
337 _aunmediated
_2rdamedia
338 _avolume
_2rdacarrier
650 1 0 _aNursery rhymes, English
650 2 0 _aChildren's poetry, English
650 2 0 _aFairy tales
700 1 _aBromage, Fran,
_eeditor.
700 1 _aCowan, Jo,
_eillustrator.
700 1 _aJones, Joe,
_eillustrator.
942 _2ddc
_cB
999 _c203024
_d203024